000 00349nam a2200145 i 4500
001 bg
100 1 _aBOJAR, Bożenna
245 0 _aElementy językoznawstwa dla informatyków /
_cBożenna Bojar.
260 _aWarszawa,
_c1974.
040 _cBPK
041 _apol
080 _a002:800
942 _cKS
008 s pl f |000 0 pol
999 _c17320
_d17320
856 _uhttp://koha.tu.koszalin.pl/cgi-bin/koha/opac-detail.pl?biblionumber=17320
_yKatalog online BPK